| 000 | 01002nam a22002297a 4500 | ||
|---|---|---|---|
| 999 |
_c11829 _d11829 |
||
| 003 | AR-CdUCM | ||
| 008 | 190405b ||||| |||| 00| 0 spa d | ||
| 040 |
_aMUNICIPALIDAD PROVINCIAL DEL CUSCO _cBIBLIOTECA MUNICIPAL DEL CUSCO |
||
| 082 |
_a344 / _bC77 / 1928 |
||
| 110 |
_aReforma de la legislación criminal y penitenciaria _929388 |
||
| 245 |
_aCódigo penal : _bPrimer anteproyecto de la comisión parlamentaria nombrada conforme a la ley N 5168 / |
||
| 260 |
_aLima : _bMinerva, _c1928. |
||
| 300 |
_a102, VI, XIX páginas ; _c20 cm. |
||
| 505 | _aContenido : De los delitos en general -- Delitos contra la vida y la integridad corporal -- Delitos contra la honestidad -- Delitos contra el honor -- Delitos contra la libertad y contra la voluntad ... | ||
| 650 |
_aCódigo _927510 |
||
| 650 |
_aPenal _925590 |
||
| 650 |
_aSociedad _953 |
||
| 700 |
_aCornejo, A. Gustavo (Ponente) _929389 |
||
| 700 |
_aJimenez, Placido (Ponente) _929390 |
||
| 942 |
_2ddc _cLIBROS |
||
| 945 |
_arah _d05/04/2019 |
||